[Event "GRE-chT"]
[Site "Aghia Pelagia"]
[Date "2004.07.11"]
[Round "9.8"]
[White "Kasioura, Froso"]
[Black "Makka, Ioulia"]
[Result "0-1"]
[WhiteElo "2021"]
[BlackElo "2220"]
[PlyCount "80"]
[EventDate "2004.07.04"]
[EventType "team"]
[EventRounds "9"]
[EventCountry "GRE"]
[SourceTitle "CBM 101 Extra"]
[Source "ChessBase"]
[SourceDate "2004.09.01"]
[SourceVersion "2"]
[SourceVersionDate "2004.09.01"]
[SourceQuality "1"]
[WhiteTeam "14"]
[BlackTeam "16"]
[WhiteTeamCountry "GRE"]
[BlackTeamCountry "GRE"]

1. e4 c6 2. d4 d5 3. exd5 cxd5 4. Bd3 Nc6 5. c3 Qc7 6. Be3 Nf6 7. Nf3 Bg4 8. Nbd2 e6 9. h3 Bh5 10. 0-0 Bd6 11. c4 dxc4 12. Nxc4 0-0 13. Rc1 Rfd8 14. g4 Bg6 15. Bxg6 hxg6 16. Qe2 Rac8 17. Nce5 Bxe5 18. dxe5 Nd5 19. Bg5 Re8 20. a3 Qb6 21. b4 Nd4 22. Nxd4 Qxd4 23. Kg2 Nc3 24. Qe3 Qd5+ 25. f3 Nb5 26. Kg3 Rc4 27. Rfd1 Qc6 28. Rxc4 Qxc4 29. Rc1 Qa2 30. Qd3 Qd5 31. Qe3 b6 32. a4 Nd4 33. Rc7 Nc6 34. b5 Nxe5 35. Rxa7 Rc8 36. Bf4 Nc4 37. Qe4 Qxe4 38. fxe4 e5 39. Bc1 Nd6 40. Be3 Rc3 0-1

[Event "GRE-chT"]
[Site "Aghia Pelagia"]
[Date "2004.07.10"]
[Round "8.8"]
[White "Pavlogianni, Despina"]
[Black "Kasioura, Froso"]
[Result "0-1"]
[WhiteElo "1964"]
[BlackElo "2021"]
[PlyCount "78"]
[EventDate "2004.07.04"]
[EventType "team"]
[EventRounds "9"]
[EventCountry "GRE"]
[SourceTitle "CBM 101 Extra"]
[Source "ChessBase"]
[SourceDate "2004.09.01"]
[SourceVersion "2"]
[SourceVersionDate "2004.09.01"]
[SourceQuality "1"]
[WhiteTeam "07"]
[BlackTeam "14"]
[WhiteTeamCountry "GRE"]
[BlackTeamCountry "GRE"]

1. e4 c5 2. Nc3 Nc6 3. f4 g6 4. Nf3 Bg7 5. Bc4 e6 6. f5 Nge7 7. fxe6 dxe6 8. 0-0 0-0 9. d3 Na5 10. Bb3 Nxb3 11. axb3 Nc6 12. Bf4 e5 13. Bg3 Be6 14. Nd2 a6 15. Bf2 b6 16. Nc4 Nd4 17. Ne3 a5 18. Qe1 Ra7 19. Bh4 f6 20. Rf2 h5 21. Bg3 Raf7 22. Rf1 Bh6 23. Rc1 Kg7 24. Nb1 Qd7 25. Nd2 g5 26. h4 gxh4 27. Bxh4 Bg4 28. Nf3 Bxf3 29. gxf3 Kh7 30. Kh2 Rg8 31. Nd5 Rg6 32. c3 Ne6 33. Nxf6+ Rfxf6 34. Bxf6 Bxc1 35. Bxe5 Bf4+ 36. Bxf4 Nxf4 37. Qh4 Qxd3 38. Qxf4 Qe2+ 39. Kh3 Qxf1+ 0-1

[Event "GRE-chT"]
[Site "Aghia Pelagia"]
[Date "2004.07.07"]
[Round "4.8"]
[White "Grapsa, Georgia"]
[Black "Kasioura, Froso"]
[Result "0-1"]
[WhiteElo "2087"]
[BlackElo "2021"]
[PlyCount "90"]
[EventDate "2004.07.04"]
[EventType "team"]
[EventRounds "9"]
[EventCountry "GRE"]
[SourceTitle "CBM 101 Extra"]
[Source "ChessBase"]
[SourceDate "2004.09.01"]
[SourceVersion "2"]
[SourceVersionDate "2004.09.01"]
[SourceQuality "1"]
[WhiteTeam "13"]
[BlackTeam "14"]
[WhiteTeamCountry "GRE"]
[BlackTeamCountry "GRE"]

1. d4 Nf6 2. c4 e6 3. g3 d5 4. Bg2 dxc4 5. Qa4+ Nbd7 6. Qxc4 a6 7. Qc2 c5 8. dxc5 Bxc5 9. Nf3 Ra7 10. 0-0 b5 11. Bf4 Bb7 12. a4 Be4 13. Qc1 Nd5 14. axb5 Nxf4 15. Qxf4 Bxb1 16. Rfxb1 Qb6 17. bxa6 Bxf2+ 18. Kh1 0-0 19. Qc4 Nc5 20. b4 Nxa6 21. b5 Nb8 22. Rxa7 Qxa7 23. Ne5 Bd4 24. Nc6 Nxc6 25. bxc6 Bb6 26. h4 h6 27. Kh2 Qc7 28. Rb3 Rb8 29. Rd3 Bf2 30. Qc2 Rb4 31. e4 Bd4 32. Ra3 Rb2 33. Qc4 Be5 34. Rd3 Qb6 35. Rf3 Rb1 36. Kh3 Qc7 37. Ra3 Rb6 38. Ra6 Rxa6 39. Qxa6 Bxg3 40. e5 Qxe5 41. Qd3 Bf4 42. Be4 f5 43. Bg2 Kh7 44. Bf3 Qe1 45. Bd5 Qg1 0-1

[Event "GRE-chT"]
[Site "Aghia Pelagia"]
[Date "2004.07.07"]
[Round "5.8"]
[White "Kasioura, Froso"]
[Black "Trabert, Bettina"]
[Result "0-1"]
[WhiteElo "2021"]
[BlackElo "2312"]
[PlyCount "122"]
[EventDate "2004.07.04"]
[EventType "team"]
[EventRounds "9"]
[EventCountry "GRE"]
[SourceTitle "CBM 101 Extra"]
[Source "ChessBase"]
[SourceDate "2004.09.01"]
[SourceVersion "2"]
[SourceVersionDate "2004.09.01"]
[SourceQuality "1"]
[WhiteTeam "14"]
[BlackTeam "09"]
[WhiteTeamCountry "GRE"]
[BlackTeamCountry "GRE"]

1. e4 e5 2. Nf3 Nc6 3. Bb5 a6 4. Bxc6 dxc6 5. 0-0 Qd6 6. d4 exd4 7. Qxd4 Bg4 8. e5 Qxd4 9. Nxd4 0-0-0 10. c3 c5 11. Nc2 Be2 12. Re1 Bd3 13. Ne3 Ne7 14. f4 Nd5 15. Nxd5 Rxd5 16. Be3 Be7 17. Nd2 c4 18. b3 cxb3 19. axb3 Rhd8 20. b4 Bf5 21. Nf3 Rd3 22. Rac1 Be6 23. Kf2 Bc4 24. g4 h6 25. h4 b6 26. g5 hxg5 27. hxg5 Rh8 28. Red1 Rxd1 29. Rxd1 g6 30. Nd2 Be6 31. Ne4 Rh2+ 32. Kg3 Rh3+ 33. Kf2 Bg4 34. Rg1 Rf3+ 35. Ke2 Rxf4+ 36. Kd3 Be2+ 37. Kxe2 Rxe4 38. Kd3 Rxe5 39. Rf1 Bxg5 40. Bxg5 Rxg5 41. Rxf7 Rd5+ 42. Ke4 Rd7 43. Rf6 Rg7 44. c4 g5 45. c5 bxc5 46. bxc5 Kb7 47. Kf3 g4+ 48. Kg3 a5 49. c6+ Kb6 50. Re6 Kb5 51. Re5+ Kb6 52. Re6 a4 53. Re4 Kb5 54. Re5+ Kxc6 55. Ra5 Kd6 56. Rxa4 c5 57. Ra1 c4 58. Ra5 c3 59. Ra3 Rc7 60. Ra1 c2 61. Rc1 Rc4 0-1

[Event "Athens Acropolis op (Women)"]
[Site "Athens"]
[Date "2003.08.29"]
[Round "5"]
[White "Sharevich, Anna"]
[Black "Kasioura, Froso"]
[Result "1-0"]
[WhiteElo "2299"]
[BlackElo "2007"]
[PlyCount "97"]
[EventDate "2003.08.25"]
[EventType "swiss"]
[EventRounds "9"]
[EventCountry "GRE"]
[SourceTitle "EXT 2004"]
[Source "ChessBase"]
[SourceDate "2003.11.25"]
[SourceVersion "1"]
[SourceVersionDate "2003.11.25"]
[SourceQuality "1"]

1. d4 Nf6 2. c4 e6 3. g3 c5 4. d5 b5 5. dxe6 fxe6 6. Bg2 d5 7. cxd5 exd5 8. Nc3 Bb7 9. Nxb5 Qd7 10. Na3 Na6 11. Nf3 Bd6 12. 0-0 0-0 13. Ng5 Nc7 14. Nc4 Rae8 15. Nxd6 Qxd6 16. Bf4 Qb6 17. Qc2 Ne6 18. Nxe6 Rxe6 19. Be3 d4 20. Bxb7 Qxb7 21. Bg5 Ne4 22. Bc1 Kh8 23. f3 Qf7 24. Bf4 Nf6 25. Qxc5 Rxe2 26. Qxd4 Nd5 27. Rf2 Rxf2 28. Kxf2 Nxf4 29. gxf4 Qh5 30. Kg2 Qg6+ 31. Kh1 Qc6 32. Rf1 Qc7 33. Qe5 Qc2 34. Rg1 Rg8 35. f5 Qc6 36. Qe4 Qf6 37. b4 Rf8 38. Qb7 a6 39. a4 h6 40. Qd5 Rd8 41. Qe4 Qc3 42. b5 axb5 43. axb5 Qf6 44. Rb1 Rd2 45. b6 Qd8 46. b7 Qb8 47. f4 Rd8 48. Qe5 Qa7 49. b8Q 1-0

[Event "Athens Acropolis op (Women)"]
[Site "Athens"]
[Date "2003.08.26"]
[Round "2"]
[White "Stiri, Alexandra"]
[Black "Kasioura, Froso"]
[Result "0-1"]
[WhiteElo "2172"]
[BlackElo "2007"]
[PlyCount "124"]
[EventDate "2003.08.25"]
[EventType "swiss"]
[EventRounds "9"]
[EventCountry "GRE"]
[SourceTitle "EXT 2004"]
[Source "ChessBase"]
[SourceDate "2003.11.25"]
[SourceVersion "1"]
[SourceVersionDate "2003.11.25"]
[SourceQuality "1"]

1. e4 c5 2. Nf3 e6 3. d4 cxd4 4. Nxd4 Nf6 5. Nc3 Nc6 6. Ndb5 d6 7. Bf4 e5 8. Bg5 a6 9. Na3 b5 10. Nd5 Be7 11. Bxf6 Bxf6 12. c3 Rb8 13. Nc2 a5 14. a3 Bg5 15. Bd3 Be6 16. Qe2 Bxd5 17. exd5 Na7 18. Nd4 g6 19. Nxb5 Nxb5 20. Bxb5+ Kf8 21. 0-0 Kg7 22. b4 Qb6 23. Bc6 f5 24. Rab1 e4 25. a4 h5 26. Rb2 axb4 27. cxb4 Bf6 28. Rb3 g5 29. a5 Qa7 30. Rfb1 g4 31. Ra3 Bd4 32. b5 h4 33. Rbb3 g3 34. hxg3 h3 35. b6 Qe7 36. g4 hxg2 37. gxf5 Rh1+ 38. Kxg2 Rbh8 39. Rh3 R1xh3 40. Rxh3 Rxh3 41. Kxh3 Kf6 42. b7 Qh7+ 43. Kg2 Qg8+ 44. Kf1 Kxf5 45. Qh5+ Kf4 46. Qh4+ Kf3 47. Qh3+ Kf4 48. Qc8 Qh7 49. Qf8+ Ke5 50. b8Q Qh3+ 51. Kg1 Qg4+ 52. Kh2 Qh4+ 53. Kg2 Qg4+ 54. Kf1 Qh3+ 55. Ke1 Qc3+ 56. Kd1 Qd3+ 57. Kc1 Qa3+ 58. Kc2 Qc3+ 59. Kb1 Qa1+ 60. Kc2 Qc3+ 61. Kd1 Qd3+ 62. Ke1 Bc3# 0-1

[Event "GRE-ch (Women)"]
[Site "Athens"]
[Date "2002.12.04"]
[Round "7"]
[White "Sperdokli, Elli"]
[Black "Kasioura, Froso"]
[Result "1-0"]
[WhiteElo "2106"]
[BlackElo "2072"]
[PlyCount "85"]
[EventDate "2002.11.28"]
[EventType "tourn"]
[EventRounds "9"]
[EventCountry "GRE"]
[SourceTitle "CBM 091 Extra"]
[Source "ChessBase"]
[SourceDate "2003.01.09"]
[SourceVersion "1"]
[SourceVersionDate "2003.01.09"]
[SourceQuality "1"]

1. e4 c5 2. Nf3 e6 3. b3 Nf6 4. e5 Nd5 5. c4 Ne7 6. Bb2 Nbc6 7. Bd3 d6 8. exd6 Qxd6 9. Be4 f5 10. Bxc6+ Nxc6 11. 0-0 Bd7 12. Re1 0-0-0 13. a3 Qf4 14. Nc3 Bd6 15. Ne2 Qh6 16. b4 e5 17. bxc5 Bxc5 18. Nxe5 Nxe5 19. Bxe5 Rhe8 20. Bc3 Bc6 21. d4 Bd6 22. h3 Re4 23. d5 Rxc4 24. Bd2 g5 25. dxc6 Rxc6 26. Rc1 Bc5 27. Ng3 f4 28. Qg4+ Kb8 29. Ne4 Bxa3 30. Rxc6 Qxc6 31. Qxg5 Re8 32. Qxf4+ Ka8 33. f3 b5 34. Rb1 a6 35. Rb3 b4 36. Bxb4 Bc1 37. Bd2 Qc2 38. Qf7 Qc6 39. Bxc1 Qxc1+ 40. Kh2 Qc6 41. Rc3 Qb5 42. Qc7 a5 43. Rc5 1-0

[Event "GRE-ch (Women)"]
[Site "Athens"]
[Date "2002.11.28"]
[Round "1"]
[White "Botsari, Anna Maria"]
[Black "Kasioura, Froso"]
[Result "1-0"]
[WhiteElo "2320"]
[BlackElo "2072"]
[PlyCount "33"]
[EventDate "2002.11.28"]
[EventType "tourn"]
[EventRounds "9"]
[EventCountry "GRE"]
[SourceTitle "CBM 091 Extra"]
[Source "ChessBase"]
[SourceDate "2003.01.09"]
[SourceVersion "1"]
[SourceVersionDate "2003.01.09"]
[SourceQuality "1"]

1. d4 Nf6 2. c4 e6 3. Nc3 Bb4 4. g3 c5 5. Nf3 b5 6. cxb5 Bb7 7. Bg2 cxd4 8. Qxd4 Qa5 9. 0-0 Bxc3 10. bxc3 Qxb5 11. Ba3 Nc6 12. Qe3 Ng4 13. Qf4 Qh5 14. h3 Nf6 15. Rfd1 Qa5 16. Qd6 Ne4 17. Qxd7# 1-0

[Event "GRE-ch (Women) 23rd"]
[Site "Methana"]
[Date "2000.12.03"]
[Round "6.2"]
[White "Makropoulou, Marina"]
[Black "Kasioura, Froso"]
[Result "1-0"]
[WhiteElo "2284"]
[BlackElo "2192"]
[PlyCount "141"]
[EventDate "2000.??.??"]
[EventType "tourn"]
[EventRounds "9"]
[EventCountry "GRE"]
[SourceTitle "EXT 2004"]
[Source "ChessBase"]
[SourceDate "2003.11.25"]
[SourceVersion "1"]
[SourceVersionDate "2003.11.25"]
[SourceQuality "1"]

1. e4 c5 2. Nf3 e6 3. b3 Nf6 4. e5 Nd5 5. Bb2 Be7 6. c4 Nc7 7. Nc3 Nc6 8. Ne4 0-0 9. Be2 Ne8 10. 0-0 f6 11. exf6 Nxf6 12. Ng3 d6 13. d4 cxd4 14. Nxd4 Nxd4 15. Qxd4 e5 16. Qd3 Qc7 17. Rad1 Be6 18. Nf5 Bxf5 19. Qxf5 Qc8 20. Qd3 Qe6 21. Bf3 Rab8 22. Rfe1 b6 23. h3 Kh8 24. Re2 Rbd8 25. Bc3 Qc8 26. Qd2 Qc7 27. Bb4 a5 28. Ba3 Ne8 29. Qe3 h6 30. Qd3 Rf4 31. Qd5 Nf6 32. Qb7 Qxb7 33. Bxb7 Nd7 34. g3 Rff8 35. Bd5 Nc5 36. h4 Bf6 37. Kg2 g5 38. hxg5 hxg5 39. f3 Kg7 40. Ree1 Rh8 41. Rh1 Rxh1 42. Rxh1 Rh8 43. Rxh8 Kxh8 44. Kh3 Kg7 45. Kg4 Kg6 46. Bc1 Bd8 47. Bd2 Nd7 48. Be4+ Kh6 49. Kf5 Nc5 50. Be3 Kh5 51. Bd5 Kh6 52. Bc6 Kh5 53. Bb5 Kh6 54. Be8 Kg7 55. Bc6 Kh6 56. Be4 Kh5 57. Bc2 Kh6 58. a3 Kh5 59. Bd2 Kh6 60. b4 axb4 61. axb4 Na6 62. Ke6 Bc7 63. Kd7 Bb8 64. Kc8 d5 65. b5 Nc5 66. Kxb8 dxc4 67. Kc7 Kh5 68. Kxb6 Nb3 69. Bc3 g4 70. fxg4+ Kxg4 71. Bxe5 1-0

[Event "GRE-ch (Women) 23rd"]
[Site "Methana"]
[Date "2000.11.29"]
[Round "2.2"]
[White "Kasioura, Froso"]
[Black "Fakhiridou, Ekaterini"]
[Result "0-1"]
[WhiteElo "2192"]
[BlackElo "2277"]
[PlyCount "114"]
[EventDate "2000.??.??"]
[EventType "tourn"]
[EventRounds "9"]
[EventCountry "GRE"]
[SourceTitle "EXT 2004"]
[Source "ChessBase"]
[SourceDate "2003.11.25"]
[SourceVersion "1"]
[SourceVersionDate "2003.11.25"]
[SourceQuality "1"]

1. e4 d5 2. exd5 Qxd5 3. Nc3 Qd8 4. d4 Nf6 5. Be2 c6 6. Bf4 Bf5 7. Nf3 e6 8. a3 h6 9. h3 Nbd7 10. Qd2 Be7 11. Rd1 Nd5 12. Nxd5 cxd5 13. Ne5 Nxe5 14. dxe5 0-0 15. Bd3 Bxd3 16. Qxd3 Qb6 17. Bc1 Rfc8 18. 0-0 Bf8 19. c3 Rc4 20. Kh1 g6 21. f4 Re4 22. Qg3 Qb3 23. Rd3 Bg7 24. Qf2 Qc4 25. Qf3 Rf8 26. Qd1 b5 27. Be3 a5 28. b3 Qc6 29. Bd4 Ra8 30. h4 Bf8 31. h5 Bxa3 32. hxg6 fxg6 33. Qg4 Kh7 34. Rg3 Qe8 35. Rh3 Bf8 36. Bf2 Qf7 37. Bh4 Rxe5 38. fxe5 Qxf1+ 39. Kh2 Qf5 40. Qe2 Bg7 41. Bf6 Bxf6 42. exf6 Qxf6 43. Qxb5 Qe5+ 44. Kg1 Qc7 45. Rf3 Rb8 46. Qf1 Kg7 47. Qd1 Qc5+ 48. Kh1 Rf8 49. b4 axb4 50. cxb4 Qxb4 51. Qa1+ Kg8 52. Rh3 Qf4 53. Qa7 Rf7 54. Qa8+ Kg7 55. Qa1+ Qf6 56. Qa4 Qf1+ 57. Kh2 Qf4+ 0-1

[Event "GRE-ch (Women) 21st"]
[Site "Athens"]
[Date "1998.08.27"]
[Round "6"]
[White "Makropoulou, Marina"]
[Black "Kasioura, Froso"]
[Result "1-0"]
[WhiteElo "2220"]
[BlackElo "2005"]
[PlyCount "73"]
[EventDate "1998.08.22"]
[EventType "tourn"]
[EventRounds "9"]
[EventCountry "GRE"]
[SourceTitle "EXT 2004"]
[Source "ChessBase"]
[SourceDate "2003.11.25"]
[SourceVersion "1"]
[SourceVersionDate "2003.11.25"]
[SourceQuality "1"]

1. e4 c5 2. Nf3 e6 3. b3 Nf6 4. e5 Nd5 5. c4 Nf4 6. g3 Ng6 7. Bb2 d6 8. exd6 Qxd6 9. Bg2 Nc6 10. 0-0 e5 11. Nc3 Be7 12. Nd5 0-0 13. Re1 Bg4 14. h3 Bxf3 15. Qxf3 Bg5 16. h4 Bd8 17. a3 f6 18. Qd3 f5 19. b4 e4 20. bxc5 Qxc5 21. Qc3 Bf6 22. Nxf6+ gxf6 23. d4 Qa5 24. f3 Qxc3 25. Bxc3 exf3 26. Bxf3 Nge7 27. Re6 Rf7 28. Rb1 Ng6 29. h5 Nf8 30. Rd6 Kg7 31. Rb5 Re7 32. Kf2 h6 33. Rxf5 Ne6 34. Bxc6 bxc6 35. d5 Ng5 36. Bxf6+ Kf7 37. Bxg5+ 1-0

[Event "GRE-ch (Women)"]
[Site "Athens"]
[Date "1997.??.??"]
[Round "?"]
[White "Kasioura, Froso"]
[Black "Fakhiridou, Ekaterini"]
[Result "1-0"]
[WhiteElo "2005"]
[BlackElo "2220"]
[PlyCount "74"]
[EventDate "1997.??.??"]
[EventType "tourn"]
[EventRounds "11"]
[EventCountry "GRE"]
[SourceTitle "EXT 2003"]
[Source "ChessBase"]
[SourceDate "2002.11.25"]
[SourceVersion "1"]
[SourceVersionDate "2002.11.25"]
[SourceQuality "1"]

1. e4 c5 2. Nc3 Nc6 3. g3 g6 4. Bg2 Bg7 5. d3 Rb8 6. f4 d6 7. Nh3 Nd4 8. 0-0 b5 9. Nf2 b4 10. Ne2 e5 11. Nxd4 cxd4 12. a3 bxa3 13. Rxa3 Qc7 14. c3 dxc3 15. bxc3 Bd7 16. Be3 a5 17. Qa1 a4 18. fxe5 dxe5 19. d4 Ne7 20. d5 0-0 21. Rd1 Nc8 22. Bf1 f5 23. Qa2 Kh8 24. exf5 Rxf5 25. c4 Rf3 26. Bg2 Rxe3 27. Rxe3 Nd6 28. Rc3 e4 29. Rc2 Qc5 30. Kh1 Re8 31. Bh3 Nf5 32. Re2 e3 33. Nd3 Qe7 34. c5 Nd4 35. Bxd7 Qxd7 36. Nf4 Qf5 37. Ng2 Qe4 1-0

[Event "GRE-ch (Women)"]
[Site "Athens"]
[Date "1997.??.??"]
[Round "?"]
[White "Makropoulou, Marina"]
[Black "Kasioura, Froso"]
[Result "1-0"]
[WhiteElo "2295"]
[BlackElo "2005"]
[PlyCount "97"]
[EventDate "1997.??.??"]
[EventType "tourn"]
[EventRounds "11"]
[EventCountry "GRE"]
[SourceTitle "EXT 2003"]
[Source "ChessBase"]
[SourceDate "2002.11.25"]
[SourceVersion "1"]
[SourceVersionDate "2002.11.25"]
[SourceQuality "1"]

1. e4 c5 2. Nf3 e6 3. b3 Nf6 4. e5 Nd5 5. g3 d6 6. Bb2 dxe5 7. Nxe5 Nf6 8. Bg2 Nbd7 9. 0-0 Nxe5 10. Bxe5 Bd6 11. Bb2 0-0 12. Na3 a6 13. Nc4 Be7 14. a4 a5 15. Re1 Ra7 16. Qe2 b6 17. Ne5 Bb7 18. Nc6 Bxc6 19. Bxc6 Nd5 20. Rad1 Rc7 21. Bb5 Bf6 22. c3 g6 23. Bc4 Bg7 24. Qf3 Rd7 25. Ba3 Qf6 26. Qxf6 Bxf6 27. Bb5 Rd6 28. Be2 Rfd8 29. Rc1 e5 30. h4 Bg7 31. Bc4 Nc7 32. d3 Ne6 33. Rc2 g5 34. hxg5 Nxg5 35. Kg2 Rg6 36. Bc1 Ne6 37. Kf1 Kh8 38. Rce2 Rf8 39. Bd2 f5 40. f4 Nc7 41. fxe5 Rxg3 42. Kf2 f4 43. Re4 Rg4 44. d4 cxd4 45. cxd4 Rh4 46. Rg1 Rf5 47. Rg2 h5 48. d5 Bxe5 49. Rxe5 1-0

[Event "Aegina op"]
[Site "Aegina"]
[Date "1996.??.??"]
[Round "7"]
[White "Kasioura, Froso"]
[Black "Argiroudis, Stamatis"]
[Result "0-1"]
[WhiteElo "2005"]
[BlackElo "2215"]
[PlyCount "86"]
[EventDate "1996.??.??"]
[EventType "swiss"]
[EventRounds "9"]
[EventCountry "GRE"]
[SourceTitle "EXT 1997"]
[Source "ChessBase"]
[SourceDate "1996.11.15"]
[SourceVersion "1"]
[SourceVersionDate "1996.11.15"]
[SourceQuality "1"]

1. e4 g6 2. Nc3 Bg7 3. g3 c6 4. Bg2 d6 5. Nge2 Nf6 6. 0-0 0-0 7. d4 Nbd7 8. f4 e5 9. dxe5 dxe5 10. f5 Qb6+ 11. Kh1 Ng4 12. Qe1 Ne3 13. Na4 Nxg2 14. Nxb6 Nxe1 15. Nxa8 Nxc2 16. Rb1 b6 17. Nc7 Bb7 18. fxg6 hxg6 19. Bd2 Rc8 20. Rbc1 Nd4 21. Nxd4 exd4 22. Bf4 Ne5 23. Rfd1 Rxc7 24. Rxd4 Bf6 25. Rd6 Kg7 26. Rcd1 c5 27. Rxf6 Bxe4+ 28. Kg1 Kxf6 29. Rd6+ Kf5 30. h4 Rc6 31. Rd8 Nf3+ 32. Kf2 Nd4 33. Rd7 Ke6 34. Rxa7 Nb5 35. Ra8 f5 36. Rg8 Kd5 37. Rd8+ Kc4 38. b3+ Kc3 39. Rd1 Nd4 40. Rd2 Re6 41. Rd1 Bd3 42. Be3 Bc2 43. Re1 Re4 0-1